00394nam a22001577a 4500003000400000005001700004008004100021020001500062040002900077082002700106100002000133245001800153260003500171300001000206650002000216OSt20251115125941.0231012b |||||||| |||| 00| 0 eng d a9966465715 cChuka University Library a PL 8701.9b.I4B4 1994 aImbuga, Francis aUsaliti Mjini aNairobi, KenyabE.A.E.P.c1976 a104p. aswahili fiction